Zeno of Elea
Sparad:
| Huvudupphovsman: | |
|---|---|
| Materialtyp: | Bok |
| Språk: | engelska |
| Publicerad: |
Londres
Cambridge University Press
1936
|
| Serie: | Cambridge classical studies
|
| Ämnen: | |
| Taggar: |
Lägg till en tagg
Inga taggar, Lägg till första taggen!
|
MARC
| LEADER | 00000nam a2200000 a 4500 | ||
|---|---|---|---|
| 001 | UCY5835 | ||
| 003 | CL-VaPUC | ||
| 008 | 950512e19360000UK |||||||||||||||||eng|d | ||
| 082 | 0 | 4 | |a 182 |b ZEN |2 21 |
| 100 | 0 | |a Lee, H. D. P |e author |9 335163 | |
| 245 | 1 | 0 | |a Zeno of Elea |
| 300 | |a 125 p | ||
| 942 | |c BK | ||
| 945 | |d 19950512 00:00:00 |a oaravena | ||
| 260 | |a Londres |b Cambridge University Press |c 1936 | ||
| 600 | 0 | 7 | |a ZENON |2 CL-VaPUC |9 335164 |
| 650 | 0 | |a Filosofía antigua |9 255705 | |
| 650 | 0 | |a Presocráticos |9 325852 | |
| 650 | 7 | |a PLURALISMO |2 CL-VaPUC |9 328303 | |
| 650 | 0 | |a Movimiento |9 322237 | |
| 650 | 0 | |a Filosofía |9 223554 | |
| 651 | 0 | |a Grecia |9 265314 | |
| 583 | |a last modification |c 19950512 00:00:00 |k Rodrigo Vera | ||
| 490 | 0 | |a Cambridge classical studies | |
| 999 | |c 233442 |d 233440 | ||
| 952 | |0 0 |1 0 |4 0 |6 182_000000000000000_ZEN_1936 |7 0 |8 P |9 238980 |a BIBEDU |b BIBEDU |c BIBEDU_PB |d 2019-11-18 |i 1500082 |l 2 |m 1 |o 182 ZEN 1936 |p 1500082 |r 2024-01-25 |s 2023-11-23 |w 2019-11-18 |y BK |k FIL | ||